00861nam a22001937a 4500008004100000020001500041050002200056100002500078240004300103245010800146260003000254300003500284500005100319500003400370505014000404650004000544650003600584700004700620130813t2004 sp ||||| |||| 00| 0 spa d a8480765119 aTR26 bM4418 2004 aMeehan, Les eautor  aDigital photografy basics lEspañol  aFotografía digital b: manual básico c/ Les, Meehan; traducción: Francisco, Rosés Martínez  aEspañab: Blumec, 2004 a96 páginas b: ilustraciones aTítulo original: Digital photografy basics  aIncluye: Contenido, Índice  aConceptos digitales Funciones básicas de la cámara Funciones avanzadas de la cámara Software Impresión de imágenes  aFOTOGRAFÍA xTÉCNICAS DIGITALES 0aCÁMARAS DIGITALES vMANUALES  aRosés Martínez, Francisco etraductor